<?xml version="1.0" encoding="UTF-8"?>
<collection xmlns="http://www.loc.gov/MARC21/slim">
    <record>
        <controlfield tag="001">66735</controlfield>
        <controlfield tag="005">20180223094640.0</controlfield>
        <datafield tag="037" ind1=" " ind2=" ">
            <subfield code="a">GDOC-2016-28152</subfield>
        </datafield>
        <datafield tag="041" ind1=" " ind2=" ">
            <subfield code="a">spa</subfield>
        </datafield>
        <datafield tag="100" ind1=" " ind2=" ">
            <subfield code="0">(orcid)0000-0001-8561-8982</subfield>
            <subfield code="1">387136</subfield>
            <subfield code="a">Bernad Royo, Enrique</subfield>
        </datafield>
        <datafield tag="245" ind1="0" ind2="0">
            <subfield code="9">28152</subfield>
            <subfield code="a">Historia económica del mundo contemporáneo</subfield>
        </datafield>
        <datafield tag="260" ind1=" " ind2=" ">
            <subfield code="a">Zaragoza</subfield>
            <subfield code="b">Universidad de Zaragoza</subfield>
            <subfield code="c">2016-2017</subfield>
        </datafield>
        <datafield tag="520" ind1=" " ind2=" ">
            <subfield code="a">Breve presentación de la asignatura
La asignatura persigue, primeramente,  presentar la relación circular existente entre  la evolución de la teoría económica, los hechos económicos, incluida la política económica, y sus repercusiones sociales. Parte de la revolución industrial inglesa, la sociedad que originó y la conformación del pensamiento clásico que todo ello ayudó a construir.  Se centra luego en el crecimiento económico que atraviesa el siglo XIX con su incidencia en la evolución de los mercados y el sistema financiero en Europa y EEUU, así como en las resistencias sociales e intelectuales que todo ello ocasionó. Dedica su atención luego a la renovación marginalista, para  analizar  después las alternativas teóricas y prácticas  que  aparecen en el periodo de crisis 1914-1945. Finalmente se dedica al análisis del crecimiento experimentado tras la guerra, así como al estudio del abandono, en los años 70-80, de las políticas económicas que lo hicieron posible y al estudio de la Gran Recesión iniciada en 2007.</subfield>
            <subfield code="b"> </subfield>
        </datafield>
        <datafield tag="521" ind1=" " ind2=" ">
            <subfield code="9">122</subfield>
            <subfield code="a">Historia</subfield>
        </datafield>
        <datafield tag="540" ind1=" " ind2=" ">
            <subfield code="a">by-nc-sa</subfield>
            <subfield code="b">Creative Commons</subfield>
            <subfield code="c">3.0</subfield>
            <subfield code="u">http://creativecommons.org/licenses/by-nc-sa/3.0/</subfield>
        </datafield>
        <datafield tag="830" ind1=" " ind2=" ">
            <subfield code="9">418</subfield>
        </datafield>
        <datafield tag="856" ind1="4" ind2=" ">
            <subfield code="s">16799</subfield>
            <subfield code="u">http://zaguan.unizar.es/record/66735/files/guia-28152-es.pdf</subfield>
            <subfield code="y">Guía (idioma español)</subfield>
        </datafield>
        <datafield tag="856" ind1="4" ind2=" ">
            <subfield code="s">9531</subfield>
            <subfield code="u">http://zaguan.unizar.es/record/66735/files/guia-28152-en.pdf</subfield>
            <subfield code="y">Guide (english)</subfield>
        </datafield>
        <datafield tag="970" ind1=" " ind2=" ">
            <subfield code="a">GDOC-2016-28152</subfield>
        </datafield>
        <datafield tag="980" ind1=" " ind2=" ">
            <subfield code="a">GDOC</subfield>
            <subfield code="b">Artes y humanidades</subfield>
            <subfield code="c">103</subfield>
        </datafield>
    </record>

    
</collection>